| 000 | 00423nam a22001337a 4500 | ||
|---|---|---|---|
| 003 | OSt | ||
| 005 | 20160229112514.0 | ||
| 008 | 160229b xxu||||| |||| 00| 0 eng d | ||
| 040 | _cN/A | ||
| 100 | _4MARIAMWIRTH | ||
| 245 | _aMUSICAL GAMES,FINGERPLAYS ANDRTHYMIC ACTIVITIES FOR EARLY CHILD WOOD | ||
| 260 |
_aWEST NYACK,NEW YORK _bPARKER PUBLISHING COMPANY,INC _c1983 |
||
| 942 |
_2lcc _cBK _hM1993.M9815 1983 |
||
| 999 |
_c252675 _d252674 |
||